<?xml version="1.0" encoding="UTF-8"?>
<record
    xmlns:xsi="http://www.w3.org/2001/XMLSchema-instance"
    xsi:schemaLocation="http://www.loc.gov/MARC21/slim http://www.loc.gov/standards/marcxml/schema/MARC21slim.xsd"
    xmlns="http://www.loc.gov/MARC21/slim">

  <leader>00801nmm a2200217 a 4500</leader>
  <controlfield tag="005">20170213195034.0</controlfield>
  <controlfield tag="008">140217b2007    ck ||||| |||| 00| 0 spa d</controlfield>
  <datafield tag="020" ind1=" " ind2=" ">
    <subfield code="a">9789588343204</subfield>
  </datafield>
  <datafield tag="040" ind1=" " ind2=" ">
    <subfield code="a">CO-BoIAVH</subfield>
    <subfield code="c">CO-BoIAVH</subfield>
  </datafield>
  <datafield tag="041" ind1=" " ind2=" ">
    <subfield code="a">spa</subfield>
  </datafield>
  <datafield tag="044" ind1=" " ind2=" ">
    <subfield code="a">ck</subfield>
  </datafield>
  <datafield tag="090" ind1=" " ind2=" ">
    <subfield code="a">MM</subfield>
    <subfield code="b">00392</subfield>
  </datafield>
  <datafield tag="100" ind1=" " ind2=" ">
    <subfield code="a">Castro Lalinde, Paulina Mar&#xED;a Alejandra</subfield>
  </datafield>
  <datafield tag="245" ind1="0" ind2="0">
    <subfield code="a">Estrategia de educaci&#xF3;n ambiental para el conocimiento, el uso sostenible y la conservaci&#xF3;n de la biodiversidad en Colombia.</subfield>
  </datafield>
  <datafield tag="260" ind1=" " ind2=" ">
    <subfield code="a">Bogot&#xE1;:</subfield>
    <subfield code="b">Instituto de Investigaci&#xF3;n de Recursos Biol&#xF3;gicos Alexander von Humboldt, </subfield>
    <subfield code="c">2007.</subfield>
  </datafield>
  <datafield tag="300" ind1=" " ind2=" ">
    <subfield code="a">1 CD- Rom,</subfield>
    <subfield code="b">72 p.</subfield>
  </datafield>
  <datafield tag="650" ind1=" " ind2="0">
    <subfield code="a">Educaci&#xF3;n ambiental</subfield>
    <subfield code="x">estrategias</subfield>
  </datafield>
  <datafield tag="700" ind1=" " ind2=" ">
    <subfield code="a">Mendoza Mojica, Sandra Luc&#xED;a</subfield>
  </datafield>
  <datafield tag="700" ind1=" " ind2=" ">
    <subfield code="a">Castro Lalinde, Luz Amanda</subfield>
  </datafield>
  <datafield tag="942" ind1=" " ind2=" ">
    <subfield code="c">CD-ROM</subfield>
    <subfield code="2">z</subfield>
  </datafield>
  <datafield tag="999" ind1=" " ind2=" ">
    <subfield code="c">6938</subfield>
    <subfield code="d">6938</subfield>
  </datafield>
  <datafield tag="952" ind1=" " ind2=" ">
    <subfield code="0">0</subfield>
    <subfield code="1">0</subfield>
    <subfield code="2">z</subfield>
    <subfield code="4">0</subfield>
    <subfield code="7">1</subfield>
    <subfield code="8">HUMBOLDT</subfield>
    <subfield code="a">Bogota</subfield>
    <subfield code="b">Bogota</subfield>
    <subfield code="d">0000-00-00</subfield>
    <subfield code="l">0</subfield>
    <subfield code="o">MM-00392</subfield>
    <subfield code="p">027211</subfield>
    <subfield code="r">2012-12-04 00:00:00</subfield>
    <subfield code="t">Ej. 1</subfield>
    <subfield code="w">2012-12-04</subfield>
    <subfield code="x">Institucional</subfield>
    <subfield code="y">CD-ROM</subfield>
  </datafield>
  <datafield tag="952" ind1=" " ind2=" ">
    <subfield code="0">0</subfield>
    <subfield code="1">0</subfield>
    <subfield code="2">z</subfield>
    <subfield code="4">0</subfield>
    <subfield code="7">1</subfield>
    <subfield code="8">RECUREL</subfield>
    <subfield code="a">Bogota</subfield>
    <subfield code="b">Bogota</subfield>
    <subfield code="d">0000-00-00</subfield>
    <subfield code="l">0</subfield>
    <subfield code="o">MM-00392</subfield>
    <subfield code="p">027212</subfield>
    <subfield code="r">2012-12-04 00:00:00</subfield>
    <subfield code="t">Ej. 2</subfield>
    <subfield code="w">2012-12-04</subfield>
    <subfield code="x">Institucional</subfield>
    <subfield code="y">CD-ROM</subfield>
  </datafield>
  <datafield tag="952" ind1=" " ind2=" ">
    <subfield code="0">0</subfield>
    <subfield code="1">0</subfield>
    <subfield code="2">z</subfield>
    <subfield code="4">0</subfield>
    <subfield code="7">0</subfield>
    <subfield code="8">MEDIOSM</subfield>
    <subfield code="a">Bogota</subfield>
    <subfield code="b">Bogota</subfield>
    <subfield code="d">2013-11-20</subfield>
    <subfield code="l">0</subfield>
    <subfield code="o">IAVH-01348</subfield>
    <subfield code="p">058833</subfield>
    <subfield code="r">2013-11-20 00:00:00</subfield>
    <subfield code="t">Ej. 3</subfield>
    <subfield code="w">2013-11-20</subfield>
    <subfield code="x">Original</subfield>
    <subfield code="y">CD-ROM</subfield>
  </datafield>
  <datafield tag="952" ind1=" " ind2=" ">
    <subfield code="0">0</subfield>
    <subfield code="1">0</subfield>
    <subfield code="2">z</subfield>
    <subfield code="4">0</subfield>
    <subfield code="7">0</subfield>
    <subfield code="8">MEDIOSM</subfield>
    <subfield code="a">Bogota</subfield>
    <subfield code="b">Bogota</subfield>
    <subfield code="d">2013-12-19</subfield>
    <subfield code="l">1</subfield>
    <subfield code="o">IAVH-01348</subfield>
    <subfield code="p">059383</subfield>
    <subfield code="r">2015-11-04 00:00:00</subfield>
    <subfield code="s">2015-11-04</subfield>
    <subfield code="t">Ej. 4</subfield>
    <subfield code="w">2013-12-19</subfield>
    <subfield code="x">Original</subfield>
    <subfield code="y">CD-ROM</subfield>
  </datafield>
  <datafield tag="952" ind1=" " ind2=" ">
    <subfield code="0">0</subfield>
    <subfield code="1">0</subfield>
    <subfield code="2">z</subfield>
    <subfield code="4">0</subfield>
    <subfield code="7">1</subfield>
    <subfield code="8">RECUREL</subfield>
    <subfield code="a">Bogota</subfield>
    <subfield code="b">Bogota</subfield>
    <subfield code="d">2017-02-13</subfield>
    <subfield code="l">0</subfield>
    <subfield code="o">MM-00392</subfield>
    <subfield code="p">058800</subfield>
    <subfield code="r">2017-02-13 00:00:00</subfield>
    <subfield code="t">Ej. 5</subfield>
    <subfield code="w">2017-02-13</subfield>
    <subfield code="x">Institucional</subfield>
    <subfield code="y">CD-ROM</subfield>
  </datafield>
  <datafield tag="952" ind1=" " ind2=" ">
    <subfield code="0">0</subfield>
    <subfield code="1">0</subfield>
    <subfield code="2">z</subfield>
    <subfield code="4">0</subfield>
    <subfield code="7">1</subfield>
    <subfield code="8">RECUREL</subfield>
    <subfield code="a">Bogota</subfield>
    <subfield code="b">Bogota</subfield>
    <subfield code="d">2017-02-13</subfield>
    <subfield code="l">0</subfield>
    <subfield code="o">MM-00392</subfield>
    <subfield code="p">058608</subfield>
    <subfield code="r">2017-02-13 00:00:00</subfield>
    <subfield code="t">Ej. 6</subfield>
    <subfield code="w">2017-02-13</subfield>
    <subfield code="x">Institucional</subfield>
    <subfield code="y">CD-ROM</subfield>
  </datafield>
  <datafield tag="952" ind1=" " ind2=" ">
    <subfield code="0">0</subfield>
    <subfield code="1">0</subfield>
    <subfield code="2">z</subfield>
    <subfield code="4">0</subfield>
    <subfield code="7">1</subfield>
    <subfield code="8">RECUREL</subfield>
    <subfield code="a">Bogota</subfield>
    <subfield code="b">Bogota</subfield>
    <subfield code="d">2017-02-13</subfield>
    <subfield code="l">0</subfield>
    <subfield code="o">MM-00392</subfield>
    <subfield code="p">058803</subfield>
    <subfield code="r">2017-02-13 00:00:00</subfield>
    <subfield code="t">Ej. 7</subfield>
    <subfield code="w">2017-02-13</subfield>
    <subfield code="x">Institucional</subfield>
    <subfield code="y">CD-ROM</subfield>
  </datafield>
  <datafield tag="952" ind1=" " ind2=" ">
    <subfield code="0">0</subfield>
    <subfield code="1">0</subfield>
    <subfield code="2">z</subfield>
    <subfield code="4">0</subfield>
    <subfield code="7">1</subfield>
    <subfield code="8">RECUREL</subfield>
    <subfield code="a">Bogota</subfield>
    <subfield code="b">Bogota</subfield>
    <subfield code="d">2017-02-13</subfield>
    <subfield code="l">0</subfield>
    <subfield code="o">MM-00392</subfield>
    <subfield code="p">058804</subfield>
    <subfield code="r">2017-02-13 00:00:00</subfield>
    <subfield code="t">Ej. 8</subfield>
    <subfield code="w">2017-02-13</subfield>
    <subfield code="x">Institucional</subfield>
    <subfield code="y">CD-ROM</subfield>
  </datafield>
  <datafield tag="952" ind1=" " ind2=" ">
    <subfield code="0">0</subfield>
    <subfield code="1">0</subfield>
    <subfield code="2">z</subfield>
    <subfield code="4">0</subfield>
    <subfield code="7">1</subfield>
    <subfield code="8">RECUREL</subfield>
    <subfield code="a">Bogota</subfield>
    <subfield code="b">Bogota</subfield>
    <subfield code="d">2017-02-13</subfield>
    <subfield code="l">0</subfield>
    <subfield code="o">MM-00392</subfield>
    <subfield code="p">058801</subfield>
    <subfield code="r">2017-02-13 00:00:00</subfield>
    <subfield code="t">Ej. 9</subfield>
    <subfield code="w">2017-02-13</subfield>
    <subfield code="x">Institucional</subfield>
    <subfield code="y">CD-ROM</subfield>
  </datafield>
  <datafield tag="952" ind1=" " ind2=" ">
    <subfield code="0">0</subfield>
    <subfield code="1">0</subfield>
    <subfield code="2">z</subfield>
    <subfield code="4">0</subfield>
    <subfield code="7">1</subfield>
    <subfield code="8">RECUREL</subfield>
    <subfield code="a">Bogota</subfield>
    <subfield code="b">Bogota</subfield>
    <subfield code="d">2017-02-13</subfield>
    <subfield code="l">0</subfield>
    <subfield code="o">MM-00392</subfield>
    <subfield code="p">058802</subfield>
    <subfield code="r">2017-02-13 00:00:00</subfield>
    <subfield code="t">Ej. 10</subfield>
    <subfield code="w">2017-02-13</subfield>
    <subfield code="x">Institucional</subfield>
    <subfield code="y">CD-ROM</subfield>
  </datafield>
  <datafield tag="952" ind1=" " ind2=" ">
    <subfield code="0">0</subfield>
    <subfield code="1">0</subfield>
    <subfield code="2">z</subfield>
    <subfield code="4">0</subfield>
    <subfield code="7">1</subfield>
    <subfield code="8">RECUREL</subfield>
    <subfield code="a">Bogota</subfield>
    <subfield code="b">Bogota</subfield>
    <subfield code="d">2017-02-25</subfield>
    <subfield code="l">0</subfield>
    <subfield code="o">MM-00392</subfield>
    <subfield code="p">042608</subfield>
    <subfield code="r">2017-02-25 00:00:00</subfield>
    <subfield code="t">Ej. 11</subfield>
    <subfield code="w">2017-02-25</subfield>
    <subfield code="x">Institucional</subfield>
    <subfield code="y">CD-ROM</subfield>
  </datafield>
  <datafield tag="952" ind1=" " ind2=" ">
    <subfield code="0">0</subfield>
    <subfield code="1">0</subfield>
    <subfield code="2">z</subfield>
    <subfield code="4">0</subfield>
    <subfield code="7">1</subfield>
    <subfield code="8">MEDIOSM</subfield>
    <subfield code="a">Bogota</subfield>
    <subfield code="b">Bogota</subfield>
    <subfield code="d">2017-02-25</subfield>
    <subfield code="l">0</subfield>
    <subfield code="o">MM-00392</subfield>
    <subfield code="p">042609</subfield>
    <subfield code="r">2017-02-25 00:00:00</subfield>
    <subfield code="t">Ej. 12</subfield>
    <subfield code="w">2017-02-25</subfield>
    <subfield code="x">Institucional</subfield>
    <subfield code="y">CD-ROM</subfield>
  </datafield>
  <datafield tag="952" ind1=" " ind2=" ">
    <subfield code="0">0</subfield>
    <subfield code="1">0</subfield>
    <subfield code="2">z</subfield>
    <subfield code="4">0</subfield>
    <subfield code="7">1</subfield>
    <subfield code="8">MEDIOSM</subfield>
    <subfield code="a">Bogota</subfield>
    <subfield code="b">Bogota</subfield>
    <subfield code="d">2017-02-25</subfield>
    <subfield code="l">0</subfield>
    <subfield code="o">MM-00392</subfield>
    <subfield code="p">042610</subfield>
    <subfield code="r">2017-02-25 00:00:00</subfield>
    <subfield code="t">Ej. 13</subfield>
    <subfield code="w">2017-02-25</subfield>
    <subfield code="x">Institucional</subfield>
    <subfield code="y">CD-ROM</subfield>
  </datafield>
  <datafield tag="952" ind1=" " ind2=" ">
    <subfield code="0">0</subfield>
    <subfield code="1">0</subfield>
    <subfield code="2">z</subfield>
    <subfield code="4">0</subfield>
    <subfield code="7">1</subfield>
    <subfield code="8">MEDIOSM</subfield>
    <subfield code="a">Bogota</subfield>
    <subfield code="b">Bogota</subfield>
    <subfield code="d">2017-02-25</subfield>
    <subfield code="l">0</subfield>
    <subfield code="o">MM-00392</subfield>
    <subfield code="p">027213</subfield>
    <subfield code="r">2017-02-25 00:00:00</subfield>
    <subfield code="t">Ej. 14</subfield>
    <subfield code="w">2017-02-25</subfield>
    <subfield code="x">Institucional</subfield>
    <subfield code="y">CD-ROM</subfield>
  </datafield>
  <datafield tag="952" ind1=" " ind2=" ">
    <subfield code="0">0</subfield>
    <subfield code="1">0</subfield>
    <subfield code="2">z</subfield>
    <subfield code="4">0</subfield>
    <subfield code="7">1</subfield>
    <subfield code="8">RECUREL</subfield>
    <subfield code="a">Bogota</subfield>
    <subfield code="b">Bogota</subfield>
    <subfield code="d">2018-02-01</subfield>
    <subfield code="l">0</subfield>
    <subfield code="o">MM-00392</subfield>
    <subfield code="p">043467</subfield>
    <subfield code="r">2018-02-01 00:00:00</subfield>
    <subfield code="t">Ej. 15</subfield>
    <subfield code="w">2018-02-01</subfield>
    <subfield code="x">Institucional</subfield>
    <subfield code="y">CD-ROM</subfield>
  </datafield>
</record>
